|
|
|
|
| LEADER |
01248njm a2200409 a 4500 |
| 001 |
000157723 |
| 003 |
CZ BrMZK |
| 005 |
19950101143423.0 |
| 008 |
950101s1996 xr f cze d |
| 028 |
0 |
1 |
|a 0272
|b Happy Music
|
| 040 |
|
|
|a BOA001
|b cze
|
| 080 |
|
|
|a 784.4.03(086.7)
|2 MRF
|
| 100 |
1 |
|
|a Černocká, Petra,
|d 1949-
|7 jn19990209121
|4 prf
|
| 245 |
1 |
0 |
|a Tennessee Whiskey
|h [zvukový záznam] /
|c Petra Černocká.
|
| 246 |
3 |
3 |
|a Svatební
|
| 246 |
3 |
3 |
|a Tenhle dům
|
| 246 |
3 |
3 |
|a Tennessee Whiskey
|
| 246 |
3 |
3 |
|a Akáty
|
| 246 |
3 |
3 |
|a Byla ta písnička
|
| 246 |
3 |
3 |
|a Kam jdou děti
|
| 246 |
3 |
3 |
|a Každý první pondělí
|
| 246 |
3 |
3 |
|a Krásná a hloupá
|
| 246 |
3 |
3 |
|a Mužnej typ
|
| 246 |
3 |
3 |
|a Nic víc
|
| 246 |
3 |
3 |
|a Slunce v zádech
|
| 246 |
3 |
3 |
|a Soudní obhajoba
|
| 260 |
|
|
|a Praha :
|b Happy Music,
|c p1996
|
| 300 |
|
|
|a 1 CD ;
|c 12 cm +
|e 1 složený list.
|
| 306 |
|
|
|a 004200
|
| 500 |
|
|
|a Durata [42:00]
|
| 500 |
|
|
|a Nahr. neuv
|
| 505 |
2 |
|
|a Tennessee Whiskey, Krásná a hloupá, Svatební ... [et al.]
|
| 653 |
0 |
|
|a country hudba
|
| 910 |
|
|
|a BOA001
|b CD-0004.235
|
| 964 |
|
|
|a Hudba country
|x CD
|
| 990 |
|
|
|a AV
|
| 996 |
6 |
|
|b 261H004292
|c CD-0004.235
|l MZK
|r Sklad / do 24 hodin
|n 0
|p p.v.
|w 000157723
|u 000010
|a 1
|e BOA001
|j MZK50
|s P
|